000 00741nam a2200265Ia 4500
005 20260121170603.0
008 008 260114s9999 xx 000 0 eng d
020 _a9783319900599
037 _aEBOOK
040 _aCRL
040 _beng
040 _cCRL
041 _2eng
041 _aeng
084 _qCRL
100 _aNilanjan Dey, Rosalina Babo, Amira S. Ashour, Vishal Bhatnagar, Med Salim Bouhlel
_91065719
245 0 _aSocial Networks Science: Design, Implementation, Security, and Challenges
260 _bSpringer
260 _bSpringer
260 _c2018
856 _uhttps://link.springer.com/openurl?genre=book&isbn=978-3-319-90059-9
942 _cEBOOK
999 _c1631449
_d1631449